Normal view
MARC view
- التخلف الاقتصادي - البلاد العربية- احوال اقتصادية - سمير امين - اراء حول الاقتصاد
Entry Topical Term
001 - CONTROL NUMBER
- control field: 47752
003 - CONTROL NUMBER IDENTIFIER
- control field: JO-AjAnu
005 - DATE AND TIME OF LATEST TRANSACTION
- control field: 20230606081900.0
008 - FIXED-LENGTH DATA ELEMENTS
- fixed length control field: 230606|| aca||aabn | a|a d
040 ## - CATALOGING SOURCE
- Original cataloging agency: JO-AjAnu
- Transcribing agency: JO-AjAnu
150 ## - HEADING--TOPICAL TERM
- Topical term or geographic name entry element: التخلف الاقتصادي - البلاد العربية- احوال اقتصادية - سمير امين - اراء حول الاقتصاد
670 ## - SOURCE DATA FOUND
- Source citation: Work cat.: (JO-AjAnu)24435: ابو دية، ايوب, author 47751, تنمية التخلف العربي في ظلال سمير امين